| 000 | 00373nam a2200121Ia 4500 | ||
|---|---|---|---|
| 008 | 220204s9999 xx 000 0 und d | ||
| 082 |
_a339.138:631(035) _bFIN.2 |
||
| 245 | 0 | _aCRC handbook of transporation and marketing in agriculture. V 2. Field crops. | |
| 260 |
_aFlorida _bCRC Press _c1981 |
||
| 650 | _aAgricultural marketing | ||
| 700 | _aFINNEY, Essex E | ||
| 942 | _cBK | ||
| 999 |
_c37136 _d37136 |
||